[Event "Madrid Codes Memorial 5th"]
[Site "Madrid"]
[Date "2011.05.08"]
[Round "4"]
[White "Martin Garcia, Francisco Javier"]
[Black "Tobar Quinores, Jose Pablo"]
[Result "0-1"]
[WhiteElo "1647"]
[BlackElo "1803"]
[PlyCount "94"]
[EventDate "2011.04.10"]
[EventType "swiss"]
[EventRounds "9"]
[EventCountry "ESP"]
[SourceTitle "EXT 2013"]
[Source "ChessBase"]
[SourceDate "2012.11.22"]
[SourceVersion "1"]
[SourceVersionDate "2012.11.22"]
[SourceQuality "1"]

1. d4 d6 2. c4 e5 3. dxe5 dxe5 4. Qxd8+ Kxd8 5. Nf3 f6 6. g3 Be6 7. b3 c6 8. Ba3 Ne7 9. h4 Ng6 10. h5 Bxa3 11. Nxa3 Ne7 12. Rd1+ Kc7 13. Bh3 Bxh3 14. Rxh3 Na6 15. g4 h6 16. Nh4 Rad8 17. Rhd3 Rxd3 18. Rxd3 Rd8 19. Kd2 Nb4 20. Rxd8 Kxd8 21. Nc2 Nxa2 22. Ne3 Kd7 23. Nef5 Ng8 24. Nxg7 Nb4 25. f3 a5 26. Ngf5 Na6 27. Kc3 b6 28. Ng6 Nc5 29. Nf8+ Ke8 30. Ng6 Kd7 31. Nh8 Ke6 32. Ng6 Nb7 33. Ng3 Nd6 34. Nh4 Ne7 35. Ng6 Kf7 36. Nxe7 Kxe7 37. Kd3 Ke6 38. Ne4 Nxe4 39. Kxe4 b5 40. cxb5 cxb5 41. Kd3 Kd5 42. e3 a4 43. bxa4 bxa4 44. f4 exf4 45. exf4 Ke6 46. g5 fxg5 47. fxg5 hxg5 0-1

[Event "Madrid San Viator op 10th"]
[Site "Madrid"]
[Date "2008.06.08"]
[Round "5"]
[White "Lopez Ayala, Pedro"]
[Black "Tobar Quinores, Jose Pablo"]
[Result "1-0"]
[WhiteElo "2043"]
[BlackElo "1875"]
[PlyCount "99"]
[EventDate "2008.05.11"]
[EventType "swiss"]
[EventRounds "9"]
[EventCountry "ESP"]
[SourceTitle "EXT 2009"]
[Source "ChessBase"]
[SourceDate "2008.11.26"]
[SourceVersion "1"]
[SourceVersionDate "2008.11.26"]
[SourceQuality "1"]

1. d4 d5 2. c4 c6 3. Nc3 Nf6 4. Nf3 dxc4 5. a4 Bf5 6. Nh4 Be6 7. e4 g6 8. Nf3 c5 9. d5 Bc8 10. Bxc4 Bg7 11. Qb3 0-0 12. a5 Ng4 13. h3 Ne5 14. Nxe5 Bxe5 15. Bh6 Nd7 16. Bxf8 Qxf8 17. 0-0-0 Bf4+ 18. Kb1 Ne5 19. g3 Bh6 20. f4 Nxc4 21. Qxc4 b6 22. a6 Bd7 23. e5 Rb8 24. Rdf1 Qc8 25. Ne4 Bf5 26. g4 Bxe4+ 27. Qxe4 Qxa6 28. g5 Bg7 29. f5 gxf5 30. Rxf5 b5 31. Rhf1 Qg6 32. Kc1 e6 33. dxe6 fxe6 34. R5f4 Qxe4 35. Rxe4 Rf8 36. Rxf8+ Kxf8 37. h4 h5 38. Kd2 a5 39. b3 Ke7 40. Ke3 Kd7 41. Kf4 Kc6 42. Re1 c4 43. bxc4 bxc4 44. Ke4 Kc5 45. Ra1 Kb4 46. Kd4 Kb3 47. Rxa5 c3 48. Rb5+ Kc2 49. Rc5 Kd2 50. Rxc3 1-0